Missing Word: Top Grossing Movies (2013) Quiz Stats

 Plays Quiz Updated Jan 16, 2015

Challenge
Share
Tweet
Embed
Score 0/20 Timer 02:00
0 Plays Today
Movie Missing Word % Correct
Iron ___ 3Man
99.9%
Fast & _______ 6Furious
97.9%
__________ Me 2Despicable
92.8%
Cloudy with a Chance of _________ 2Meatballs
92.2%
The ____ of Wall StreetWolf
91%
World ____ ZWar
90.2%
___ You See MeNow
90.2%
The ____ RangerLone
89%
A Good ___ to Die HardDay
86.6%
________ UniversityMonsters
84.6%
Movie Missing Word % Correct
The Hunger Games: ________ FireCatching
82.3%
Oz the _____ and PowerfulGreat
81.4%
The Great ______Gatsby
76%
_______ RimPacific
75%
The Hobbit: The Desolation of _____Smaug
71%
Star Trek Into ________Darkness
70.3%
Man of _____Steel
70%
____ the MillersWe're
66.6%
____: The Dark WorldThor
53.9%
G.I. Joe: ___________Retaliation
24.3%

Today's Daily Dose

Word Ladder
Bruno Mars Song

Get the Picture
Japanese Cars

You're not logged in!

Compare scores with friends on all Sporcle quizzes.
OR
Log In

You Might Also Like...

Show Comments

Extras

Top Quizzes Today


Score Distribution

Your Account Isn't Verified!

In order to create a playlist on Sporcle, you need to verify the email address you used during registration. Go to your Sporcle Settings to finish the process.

Report this User

Report this user for behavior that violates our Community Guidelines.

Details: